| 000 | 00697nam a2200253Ia 4500 | ||
|---|---|---|---|
| 003 | OSt | ||
| 005 | 20221006144041.0 | ||
| 006 | a|||||r|||| 00| 0 | ||
| 007 | ta | ||
| 008 | 221006b |||||||| |||| 00| 0 eng d | ||
| 020 | _c144.69 | ||
| 024 | _a10,742 | ||
| 037 | _cTextual | ||
| 040 |
_aEASL _cEASL _beng |
||
| 041 |
_2eng _aeng |
||
| 082 | _aW691.436.N82, M4 | ||
| 100 |
_aTORNQUIST Olle _9296042 |
||
| 245 | 0 |
_aDilemmas of third world communism _b The destruction of the PKI in Indonesia |
|
| 260 |
_aLondon _bZed Books _c1984 |
||
| 300 |
_a307p. _ccm. |
||
| 490 | _v Oth | ||
| 942 |
_hW691.436.N82, M4 _cTEXL _2CC |
||
| 999 |
_c1078828 _d1078828 |
||